Normale Ansicht
MARC-Ansicht
Eintrag Personenname
001 - Kontrollnummer
- Kontrollfeld: 11671
003 - Kontrollnummer Identifier
- Kontrollfeld:
005 - Datum und Zeit der letzten Transaktion
- Kontrollfeld: 20220914143006.0
008 - Datenelemente mit fester Länge
- Kontrollfeld mit fester Länge: 220914|| aca||aabn | a|a d
040 ## - Katalogisierungsquelle
- Original-Katalogisierungsstelle:
- Übertragungsstelle:
100 ## - Ansetzung - Personenname
- Personenname: Plaggenborg, Stefan
670 ## - Datenquelle
- Quellenangabe: Work cat.: ()8175: Kuhr-Korolev, Corinna 11670, Sowjetjugend 1917 - 1941 :